| 000 | 00590cam a2200193ua 4500 | ||
|---|---|---|---|
| 020 |
_a81-203-0885-9 _c295.00 |
||
| 041 |
_aeng _h |
||
| 082 |
_a604.2 _bLAU/FU |
||
| 100 | _aLauzadder, Warren L . | ||
| 245 |
_aFundamentals of engineering drawing with and introduction to computer graphics for design and production / _cWarren L Lauzadder. _hTextual Documents |
||
| 250 |
_a11 / _b. |
||
| 260 |
_aNew Delhi : _bPrentice Hall of India Pvt Ltd. , _c1993. |
||
| 300 | _a692 ; . | ||
| 365 | _a295.00 | ||
| 504 | _a | ||
| 700 | 1 | _aDuff, Jon M. | |
| 942 | _cBK | ||
| 999 |
_c7439 _d7439 |
||